Una mirada crítica: los trabajadores en democracia

Spremljeno u:
Bibliografski detalji
Glavni autor: Ruíz-Tagle P., Jaime (Autor)
Format: Knjiga
Jezik:španjolski
Izdano: Santiago Programa de Economía del Trabajo 1993
Teme:
Oznake: Dodaj oznaku
Bez oznaka, Budi prvi tko označuje ovaj zapis!

MARC

LEADER 00000nam a2200000 a 4500
001 UCY0166
003 CL-VaPUC
008 940714e19930000CL |||||||||||||||||spa|d
082 0 4 |a 331.013  |b RUI  |2 21 
100 0 |a Ruíz-Tagle P., Jaime  |e author  |9 327793 
245 1 4 |a Una mirada crítica: los trabajadores en democracia 
300 |a 94 p 
942 |c BK 
945 |d 19940714 00:00:00  |a rbrito 
260 |a Santiago  |b Programa de Economía del Trabajo  |c 1993 
650 7 |a TRABAJO Y TRABAJADORES  |2 CL-VaPUC  |9 255560 
650 7 |a ECONOMIA DEL TRABAJO  |2 CL-VaPUC  |9 320317 
583 |a last modification  |c 19940714 00:00:00  |k Rodrigo Vera 
999 |c 229243  |d 229241 
952 |0 0  |1 0  |4 0  |6 331_013000000000000_RUI_1993  |7 0  |8 A  |9 230113  |a BIBENE  |b BIBENE  |d 2019-11-15  |i 2989069  |o 331.013 RUI 1993  |p 2989069  |r 2025-01-15  |w 2019-11-15  |y BK  |k ICO 
952 |0 0  |1 0  |4 0  |6 331_013000000000000_RUI_1993  |7 0  |8 A  |9 230114  |a BIBGIM  |b BIBGIM  |d 2019-11-15  |i 298914K  |o 331.013 RUI 1993  |p 298914K  |r 2025-01-15  |w 2019-11-15  |y BK  |k SSL